| 000 | 00467pam a2200169a 44500 | ||
|---|---|---|---|
| 008 | 230405s2013 xxu||||| |||| 00| 0 eng d | ||
| 020 |
_a9781435489097 _cRs. 5708/- |
||
| 082 |
_a615.1024613 _bBRO |
||
| 100 | _aBroyles,Bonita E. | ||
| 245 | _aPharmacological Aspects of Nursing Care | ||
| 250 | _a8th Ed. | ||
| 260 |
_aAustralia _bDelmar Cengage Learning _c2013 |
||
| 300 | _a1510 p. | ||
| 700 | _aEvans,Mary E. | ||
| 700 | _aReiss,Barry S. | ||
| 906 | _a003891 | ||
| 999 |
_c252121 _d252121 |
||